000 00379pab a2200157 454500
008 180718b2013 xxu||||| |||| 00| 0 eng d
100 _aMaheshwari, Amrita
245 _aSoft skills: Must for sustainable success
260 _c2013
300 _ap.13-16.
362 _a16 Sep
650 _aSkills development
773 _aUniversity News
908 _aN
909 _a100952
999 _c100951
_d100951